000 01087cam a22003014a 4500
001 16949757
003 OSt
005 20230622112513.0
008 110907s2012 vtu b 001 0 eng
010 _a 2011036971
020 _a9781409434641 (hbk. : alk. paper)
020 _a97811338279001
040 _aDLC
_cNIRUC
_dDLC
042 _apcc
050 0 0 _aJZ5330
_b.R63 2012
082 0 0 _a341.24
_223
100 _aBorzel, Tanja A.
_d2012
245 0 0 _aRoads to regionalism :
_bgenesis, design, and effects of regional organizations /
_cedited by Tanja A. Börzel ... [et al.].
260 _aNew York, NY :
_bRoutledge Taylor and Francis Group,
_c2016.
300 _axviii, 272 p. ;
_c24 cm.
490 0 _aThe international political economy of new regionalisms series
504 _aIncludes bibliographical references and index.
650 0 _aRegionalism (International organization)
650 0 _aRegionalism (International organization)
_vCase studies.
700 1 _aBörzel, Tanja A. [et al] ...
906 _a7
_bcbc
_corignew
_d1
_eecip
_f20
_gy-gencatlg
942 _2lcc
_cBK
_n0
999 _c18
_d18